[Event "Bundesliga 0506"]
[Site "Germany"]
[Date "2006.03.12"]
[Round "13.5"]
[White "Langheinrich, Ferenc"]
[Black "Pelletier, Yannick"]
[Result "0-1"]
[WhiteElo "2391"]
[BlackElo "2583"]
[Annotator "Ribli,Z"]
[PlyCount "52"]
[EventDate "2005.10.21"]
[EventType "team-tourn"]
[EventRounds "15"]
[EventCountry "GER"]
[SourceTitle "CBM 112"]
[Source "ChessBase"]
[SourceDate "2006.06.07"]
[SourceVersion "1"]
[SourceVersionDate "2006.06.07"]
[SourceQuality "1"]
[WhiteTeam "Godesberg"]
[BlackTeam "Werder Bremen"]
[WhiteTeamCountry "GER"]
[BlackTeamCountry "GER"]

1. e4 c5 2. Nf3 e6 3. d4 cxd4 4. Nxd4 Nc6 5. Nc3 Qc7 6. Be2 a6 7. O-O Nf6 8.
Be3 Bb4 9. Na4 O-O $5 {Das ist die alte Fortsetzung, heutzutage spielt man
lieber die Alternative 9...Be7.} 10. Nxc6 bxc6 11. Nb6 {Auf diese Weise
gewinnt Weiß (zeitweilig) einen Bauern. Die Alternative 11.c4 bietet Weiß mehr
Chancen auf Eröffnungsvorteil.} Rb8 12. Nxc8 Rfxc8 13. Bxa6 Rf8 $5 {Das ist
auf den ersten Blick eine sonderbare Fortsetzung, aber wahrscheinlich der
stärkste Zug in der Stellung.} 14. Bd3 Bd6 15. g3 (15. Kh1 Be5 16. c3 Rxb2 17.
Qc1 Ng4 18. f4 (18. Qxb2 Bxc3 $19) 18... Nxe3 19. Qxb2 Bxf4 20. Qf2 Nxf1 21.
Rxf1 {Hier können wir der Unterschied zwischen 13...Rf8!? und anderen
Turmzügen 13...Rd8 oder 13...Re8 sehen - jetzt ist der f7P verteidigt, so ist
die ganze Variante schlecht für Weiß.} Bxh2 $19) 15... Be5 (15... Rxb2 16. Bd4
Rb4 17. Bxf6 gxf6 18. Qg4+ Kh8 19. Qh4 $36) 16. c4 (16. a4 Bxb2 17. Ra2 Bc3 (
17... d5) 18. Bd2 Bxd2 19. Qxd2 c5 20. Re1 c4 $1 (20... Rfd8 21. e5 Nd5 22. Be4
d6 23. exd6 Rxd6 24. Bxd5 Rxd5 25. Qc3 Qd6 26. a5 {1-0 Asrian,K-Ivanisevic,I/
Bled olm 2002/(52)}) 21. Qc3 Rfc8 22. Bf1 Qc5 23. Bg2 Ng4 {0-1 Adla,
D-Pelletier,Y/France 2005/(47)}) (16. Rb1 Bxb2 17. f4 e5 18. Qf3 Qa5 19. Rbd1
Qxa2 20. fxe5 Bxe5 21. Bg5 Rbe8 {0-1 Rohit,G-Mastrovasilis,D/Nakhchivan 2003/
(46)}) (16. Bc5 d6 17. Ba3 Bxb2 18. Bxb2 Rxb2 19. Qd2 Rfb8 20. a4 R2b4 21. Rfe1
Qa5 22. Qc3 c5 {0-1 Mandelbaum,P-Sprenger,J/Hamburg 2003/(51)}) 16... Bxb2 17.
Rb1 c5 {[%csl Yd4][%cal Gb2d4] Weiß hat das Läuferpaar, aber Schwarz
kontrolliert das wichtige d4-Zentrumsfeld.} 18. Qc2 (18. Qe2 Bc3 (18... Bd4 19.
Bxd4 cxd4 20. e5 $16) 19. Rfc1 (19. Rb5 Rxb5 20. cxb5 d5) 19... Rxb1 20. Bxb1
Rb8) 18... Bd4 19. Bf4 (19. Bxd4 cxd4 {Schwarz hat eine bequeme Stellung - er
kann d6 und e5 spielen, der d3B steht etwas passiv.}) 19... e5 20. Bd2 Ng4 21.
Rb5 (21. h3 Rxb1 22. Qxb1 Rb8 23. Qd1 (23. Qc2 Rb2) 23... Nf6 $15) 21... f5 $1
{[%mdl 128]} 22. Rxb8 (22. exf5 Rxb5 23. cxb5 d5 $44 {[%csl Gc5,Gd5,Ge5]})
22... Rxb8 23. exf5 Rb2 24. Qc1 Qb7 $19 {[%csl Gd4,Rf2,Rg1,Gg4][%cal Gb7h1,
Gb7b2] Schwarz kontrolliert das ganze Brett, er hat ausgezeichnetes
Figurenspiel und vielseitige Drohungen. Der weiße König ist hilflos. Es droht
z.B. 25...Qf3.} 25. Qd1 Bxf2+ $1 {[%mdl 64]} 26. Rxf2 Qh1+ $1 {[%cal Rg4f2,
Rf2d1,Rf2h1]} (26... Qh1+ 27. Kxh1 Nxf2+ 28. Kg1 Nxd1 $19) 0-1

[Event "Bundesliga 0102"]
[Site "Germany"]
[Date "2002.04.28"]
[Round "15.6"]
[White "Van den Doel, Erik"]
[Black "Teske, Henrik"]
[Result "1/2-1/2"]
[WhiteElo "2607"]
[BlackElo "2486"]
[Annotator "Ribli,Z"]
[PlyCount "65"]
[EventDate "2001.10.06"]
[EventType "team-tourn"]
[EventRounds "15"]
[EventCountry "GER"]
[SourceTitle "CBM 089"]
[Source "ChessBase"]
[SourceDate "2002.08.12"]
[SourceVersion "1"]
[SourceVersionDate "2002.08.12"]
[SourceQuality "1"]
[WhiteTeam "Porz"]
[BlackTeam "Tegernsee"]
[WhiteTeamCountry "GER"]
[BlackTeamCountry "GER"]

1. e4 c5 2. Nf3 Nc6 3. d4 cxd4 4. Nxd4 Qc7 5. Nc3 e6 6. Be2 a6 7. O-O Nf6 8.
Be3 {Van den Doel greift gern zu dieser klassischen Variante.} Bb4 9. Na4 O-O {
Heutzutage ist die Alternative 9...Be7 in Mode, der Textzug ist aber auch gut
spielbar.} 10. Nxc6 bxc6 11. Nb6 Rb8 12. Nxc8 Rfxc8 13. Bxa6 {Weiß hat einen
Bauern gewonnen. Dank aktiven Figurenspiels bekommt Schwarz jedoch
ausreichendes Gegenspiel.} Rd8 (13... Rf8 $5 {Dieser Zug ist populärer - der
Unterschied zum Textzug wird erst am Ende einer langen Variante deutlich: Nach
13....Rf8 geht das Abspiel 14.Bd3 Bd6 15.Kh1 (15.f4) Be5 16.c3 Rxb2 17.Qc1
Ng4! 18.f4 Nxe3 19.Qb2 Bxf4 20.Qf2 Nxf1 21.Rxf1 aus weißer Sicht nicht, weil
der Pf7 verteidigt ist.}) 14. Bd3 Bd6 15. f4 (15. Kh1 $5 Be5 16. c3 Rxb2 17.
Qc1 Ng4 18. f4 Nxe3 19. Qxb2 Bxf4 20. Qf2 Nxf1 21. Rxf1 g5 (21... e5 $6 22. g3
Qd6 23. Be2 Bg5 24. Qxf7+ Kh8 25. Bg4 Bf6 26. Kg2 $16) 22. g3 Qd6 23. Be2 Be5
24. Qxf7+ Kh8 25. Rd1 Qc7 26. Bg4 $14 (26. Qe7 Bxc3 27. Bg4 Qc8 28. Bxe6 Re8
$11)) 15... e5 16. b3 {Meiner Meinung nach birgt diese Variante keine Gefahr
für Schwarz.} exf4 (16... Qa5 $2 17. Kh1 Re8 18. Qf3 h6 19. a4 Bc7 20. fxe5
Bxe5 21. Rad1 Re7 22. g4 Bc3 23. Rg1 {1-0 Narciso Dublan,M-Szabolcsi,J/France
2000/EXT 2001 (55)}) 17. Bd4 f3 (17... Be5 18. Bxe5 Qxe5 19. Qf3 d5 20. Rae1
Re8 21. exd5 Qd4+ 22. Qf2 Qxf2+ 23. Kxf2 Nxd5 24. Rxe8+ Rxe8 25. Re1 Ne3 26.
Ra1 Kf8 27. a4 Ke7 28. a5 Kd6 29. a6 Kc7 {1/2-1/2 Delanoy,A-Villeneuve,A/
Cannes 1989/TD (41)}) 18. e5 (18. g3 Bxg3 19. Bxf6 gxf6 20. Rxf3 Bxh2+ 21. Kh1
$11) 18... Bxe5 (18... f2+ $5 19. Rxf2 Bxe5 20. Bxe5 Qxe5 $11) 19. Bxe5 Qxe5 (
19... f2+ $5) 20. Qxf3 d5 21. a4 c5 $11 {Der weiße Freibauer auf der a-Linie
sieht sehr gefährlich aus, Schwarz hat aber ausreichend Gegenspiel im Zentrum
und am Königsflügel.} 22. Qf4 Qe7 {Schwarz muss die Damen auf dem Brett halten.
} (22... Qxf4 23. Rxf4 $14) 23. a5 Rb4 {[%csl Gb4]} 24. Qf2 (24. Qf5 $5 c4 (
24... Qa7 25. Kh1) (24... Qc7) 25. bxc4 dxc4 26. c3 Rb3 27. Bxc4 Rxc3 28. Ra4
Qc7 $11) 24... Ng4 {[%mdl 2048]} 25. Rae1 (25. Qf5 g6 $11) 25... Qc7 (25...
Nxf2 26. Rxe7 Nxd3 27. Rfxf7 Ne5 28. Rxg7+ Kf8 29. a6 $13 (29. Rxh7 Rh4 $13))
26. Qh4 (26. Qg3 Qxa5 (26... Qxg3 27. hxg3 Kf8 $11 (27... Nf6 $11)) 27. c3)
26... Nf6 27. c4 Rxb3 (27... dxc4 $143 28. Bxc4 (28. Rxf6 $2 cxd3 $19) 28...
Qxa5 29. Re7 Rf8 30. Rxf6 gxf6 31. Qxf6 Rxc4 32. bxc4 $16) 28. Bb1 (28. Bc2 Rc3
$17) 28... Qxa5 (28... Rdb8 $5 29. cxd5 Qxa5 $15) 29. Rxf6 {[%mdl 64]} Rxb1 30.
Rxb1 gxf6 31. Qxf6 dxc4 32. Qg5+ Kh8 (32... Kf8 33. Rf1 Qc7 34. Qh5 Kg8 35.
Qg5+ $11) 33. Qf6+ 1/2-1/2

[Event "Buenos Aires Sicilian"]
[Site "Buenos Aires"]
[Date "1994.10.13"]
[Round "2"]
[White "Salov, Valery"]
[Black "Karpov, Anatoly"]
[Result "1-0"]
[WhiteElo "2710"]
[BlackElo "2780"]
[Annotator "Ribli,Z"]
[PlyCount "123"]
[EventDate "1994.10.12"]
[EventType "tourn"]
[EventRounds "14"]
[EventCountry "ARG"]
[EventCategory "18"]
[SourceTitle "CBM 044"]
[Source "ChessBase"]
[SourceDate "1995.02.01"]
[SourceVersion "1"]
[SourceVersionDate "1995.02.01"]
[SourceQuality "1"]

1. e4 {Ftacnik} c5 2. Nf3 e6 3. d4 cxd4 4. Nxd4 Nc6 5. Nc3 Qc7 6. Be2 Nf6 7.
Be3 a6 8. O-O Bb4 9. Na4 Be7 10. Nxc6 bxc6 11. Nb6 Rb8 12. Nxc8 Qxc8 13. e5 Nd5
14. Bc1 Bc5 15. Qd3 O-O (15... Qc7 16. Qe4 a5 $5 17. c4 Ne7 18. Kh1 O-O 19. Bd3
Ng6 20. f4 d6 $10 {Beliavsky,A-Andersson,U/Wijk aan Zee/1984/INF37,201/}) 16.
Qg3 Re8 $5 (16... Ne7 17. Bd3 Qc7 18. b3 a5 $10 {Tukmakov,V-Taimanov,M/Vilnius
zt/1975/INF20,406/}) 17. Rd1 a5 18. b3 (18. Bd3 $5 {Ftacnik} a4 19. h4 $40)
18... a4 $10 19. Bh6 (19. bxa4 {Ftacnik} Rb4 $15) 19... Bf8 20. h4 Qc7 21. Bg5
axb3 22. axb3 Ra8 23. c4 Nb4 24. Qc3 c5 25. Bf3 Rxa1 26. Rxa1 d6 27. Bf4 Rd8 (
27... dxe5 {Ftacnik} 28. Bxe5 Qe7 29. g3 $14) 28. h5 h6 (28... d5 29. cxd5 Nxd5
30. Bxd5 Rxd5 (30... exd5 $5) 31. h6 g6 $10) 29. Rd1 dxe5 30. Rxd8 (30. Bxe5 {
Ftacnik} Rxd1+ 31. Bxd1 Qd7 32. Bf3 $10) 30... Qxd8 31. Bxe5 Qd7 32. g3 Nd3 33.
Bc6 Qd8 (33... Qxc6 34. Qxd3 Be7 $10) 34. Qd2 Be7 35. Bc3 Bg5 36. Qd1 (36. f4
Bf6 37. Bxf6 gxf6 $13 (37... gxf6 {Ftacnik} 38. Kf1 Qd4 $15)) 36... Nc1 37. Qc2
Qd3 38. Qxd3 Nxd3 39. Kf1 Nc1 (39... Bf6 $142 {Ftacnik} 40. Bxf6 gxf6 $10) 40.
Ba4 Bf6 (40... Na2 41. Be5 (41. Bb2 {Ftacnik} Bf6 $10) 41... Bf6 42. Bd6 Bd4
$10) 41. Bxf6 gxf6 42. b4 $1 Kf8 (42... cxb4 43. c5 Kf8 (43... b3 {Ftacnik} 44.
c6 b2 45. Bc2 $18) 44. c6 Ke7 45. c7 $18) 43. b5 (43. bxc5 {Ftacnik} Ke7 $13)
43... Ke7 44. Bc2 f5 45. Ke1 Na2 46. Kd2 Nb4 47. Bb1 Kd6 48. Ke2 Ke5 49. Ke3
Kf6 (49... Kd6 {Ftacnik} 50. Kf4 f6 51. f3 $16) 50. Kf4 Ke7 (50... e5+ {Ftacnik
} 51. Ke3 Kg5 52. f3 f4+ 53. gxf4+ exf4+ 54. Ke4 $18) 51. Ke5 f6+ 52. Kf4 Kf7 (
52... Kd6 {Ftacnik} 53. f3) 53. b6 Nc6 54. b7 Ke7 55. Bxf5 Kd6 (55... exf5 56.
Kxf5 Kf7 57. g4 (57. f4 {Ftacnik} Nb8 58. g4 Nc6 59. g5 $18) 57... Nd4+ 58. Ke4
Nc6 59. Kd5 $18) 56. Be4 Nb8 57. Bg6 Kc7 58. Bf7 Kd6 59. Be8 Ke7 60. Bb5 Kd6
61. Ke4 Kc7 62. g4 (62. g4 Kxb7 (62... Kd6 {Ftacnik} 63. f4 Kc7 64. g5 $18) 63.
f4 Kc7 64. g5 fxg5 65. fxg5 Kd6 66. gxh6 Ke7 67. h7 $18) 1-0

[Event "EU-Cup 18th"]
[Site "Kallithea"]
[Date "2002.09.27"]
[Round "6.4"]
[White "Timoshenko, Georgy"]
[Black "Mastrovasilis, Dimitrios"]
[Result "1/2-1/2"]
[WhiteElo "2528"]
[BlackElo "2462"]
[Annotator "Ribli,Z"]
[PlyCount "120"]
[EventDate "2002.09.22"]
[EventType "team-swiss"]
[EventRounds "7"]
[EventCountry "GRE"]
[SourceTitle "CBM 092"]
[Source "ChessBase"]
[SourceDate "2003.02.06"]
[SourceVersion "1"]
[SourceVersionDate "2003.02.06"]
[SourceQuality "1"]
[WhiteTeam "Donetsk"]
[BlackTeam "Northern CA of DEI"]
[WhiteTeamCountry "UKR"]
[BlackTeamCountry "GRE"]

1. e4 c5 2. Nf3 e6 3. d4 cxd4 4. Nxd4 Nc6 5. Nc3 Qc7 6. Be2 a6 7. Be3 Nf6 8.
O-O Bb4 {Das ist die eigentliche Paulsen-Fortsetzung. Stattdessen kann Schwarz
mit 8...d6 in die Scheweninger Variante einlenken.} 9. Na4 Be7 {Dieser Zug ist
die eigentliche Hauptvariante, aber die Fortsetzungen 9...b5, 9...Bd6 und 9...
0-0 sind auch moeglich.} 10. Nxc6 (10. c4 Nxe4 {Diese Variante war ein paar
Jahre frueher dank Shirov sehr popular, wird jedoch heutzutage weniger
gespielt. Weiss hat Kompensation fuer den geopferten Bauern, weil er
positionellen Druck am Damenfluegel besitzt, aber Schwarz kann sich gut
verteidigen.}) 10... bxc6 11. Nb6 Rb8 12. Nxc8 Qxc8 13. Bd4 {In der moderne
Turnierpraxis spielt man diese Fortsetzung. Weiss beschaeftigt sich nicht mit
dem e4-Bauern, sondern zentralisiert den Läufer.} (13. e5 Nd5 14. Bc1 Bc5 15.
c4 Ne7 16. b3 Qc7 17. Bb2 d6 {Das ist die alte Hauptvariante - Weiss hat das
Läuferpaar und seine Bauernstruktur ist besser, aber Schwarz kann sich gut
halten.}) 13... c5 14. Be5 Rb6 15. Qd3 (15. b3) 15... d6 16. Bc3 O-O 17. b3 (
17. Bf3 Nd7 18. Rad1 Bf6 19. Bxf6 Nxf6 20. Qc3 e5 21. Rd2 Rd8 22. b3 Qc6 23.
Rfd1 h6 24. Qe3 a5 {1/2-1/2 Bauer,C-Shneider,A/Paris 2001/CBM 83 ext (57)})
17... d5 18. exd5 {Dieser Zug waere auf den ersten Blick logisch, weil Weiss
das Läuferpaar hat und die Stellung oeffnen möchte. Aber ich glaube, die
Fortsetzung 18.e5 bietet Weiss viel mehr Chancen auf Eroeffnungsvorteil.} (18.
e5 Nd7 19. f4 f5 (19... c4 20. bxc4 Rc6 21. Qh3 Nb6 22. Bd3 g6 23. Rf3 Re8 24.
Rg3 Rxc4 25. Bxc4 Qxc4 26. f5 Na4 27. fxe6 Bc5+ 28. Kh1 Rxe6 29. Rf3 Nxc3 30.
Rxc3 Qd4 31. Rf1 {1-0 Lutz,C-Ye Jiangchuan/Batumi 2001/CBM 86 no vc (47)}) 20.
exf6 (20. Qh3 c4 21. bxc4 Qc5+ 22. Kh1 d4 23. Rad1 dxc3 24. Rxd7 {1-0 Almasi,
Z-Delchev,A/Pula 2001/CBM 84 ext (61)}) 20... Bxf6 21. Bxf6 Nxf6 22. Bf3 Kh8
23. Rae1 a5 24. Re2 Rd8 25. Rfe1 {1-0 Kasparov,G-Lautier,J/Cannes 2001/CBM 82/
[Ribli] (37)}) 18... Nxd5 19. Be5 (19. Bd2 Nb4 20. Qc4 (20. Qe4 Bf6 21. c3 Rd8
22. Rad1 Nd5 23. Bd3 g6 $11) 20... Rd6 21. Bxb4 cxb4 22. Qxb4 Qxc2 23. Bxa6
Rxa6 24. Qxe7 Rxa2 25. Rxa2 Qxa2 26. b4 h6 27. h3 Qb3 28. Rc1 Rb8 29. Rc7 Qb1+
30. Kh2 Qf5 31. Qd6 Ra8 32. Qc5 Qxc5 33. bxc5 Ra2 {1/2-1/2 Kasparov,G-Anand,V/
Frankfurt 2000/CBM 78 (33)}) 19... Rd8 (19... Bf6 20. Bxf6 Nxf6 21. Rad1 $14 {
1/2-1/2 Shirov,A-Lutz,C/Germany 2001/CBM 82/[Ribli] (62)}) 20. Qg3 Bf6 {
Schwarz muss den starken weissen Läufer tauschen.} 21. Bxf6 (21. f4 Rb4 22. Bc4
Bxe5 23. fxe5 Qc6 24. Rf3 Ne7 25. Raf1 Nf5 26. Qf2 Rb7 27. g4 Nh6 28. h3 Rbd7
$13 {0-1 Shirov,A-Ljubojevic,L/Monte Carlo 2001/CBM 81 ext (57)}) 21... Nxf6
22. Rfd1 $14 {[%csl Ge2][%mdl 4] Die weisse Bauernstruktur ist besser und der
Läufer ist eine etwas bessere Figur in der offenen Stellung. Andererseits hat
Schwarz keine besondere Schwächung.} Nd5 23. Rd2 {[%cal Ga1d1,Gd1d8]} (23. c4
$6 Nb4 $11 {[%csl Yd4][%cal Gb4c6,Gc6d4]}) 23... Nb4 24. Rxd8+ Qxd8 25. c3 (25.
Rd1 $14) 25... Nd5 (25... Nc6 $6 26. Rd1 $16) 26. Rd1 Qb8 27. Qd3 {Weiss
behält die Damen auf dem Brett - jetzt droht schon 28.c4.} (27. Qxb8+ Rxb8 $11
{In dieser Stellung sind die Schwächen beiderseitig - im Falle von 28.Bxa6
Schwarz kann 28...Nxc3 spielen.}) 27... Kf8 {Der Koenig zielt auf das Feld e7.}
(27... h6 $14) 28. Bf3 {[%csl Gf3][%cal Gf3a8]} Nf6 29. g3 Ke7 {[%csl Ge7]} 30.
Qc4 {Weiss hat gutes Figurenspiel - alle seine Figuren stehen aktiv, während
Schwarz seine Schwächen am Damenfluegel verteidigen muss.} Qe5 31. b4 {Weiss
mobilisiert seine Mehrheit am Damenfluegel, was - mit der Unterstuetzung des
Läufers - sehr gefaehrlich fuer Schwarz ist.} Nd7 (31... cxb4 32. cxb4 $14) 32.
Kg2 g5 (32... Rd6 33. Rxd6 Qxd6 34. Bb7 cxb4 35. cxb4 Ne5 $14 (35... Nb8 36. a4
$16)) 33. a4 Rd6 34. a5 (34. Rxd6 Qxd6 35. Bb7 cxb4 36. cxb4 Ne5 (36... Nb8 $16
) 37. Qxa6 Qxb4 $14) 34... f5 {Schwarz mobilisiert seine Reserven am
Koenigsfluegel.} (34... Rxd1 $5 35. Bxd1 Qd5+ 36. Qxd5 exd5 37. Be2 c4 $11) 35.
h3 (35. Rxd6 $1 Qxd6 36. Bb7 cxb4 37. cxb4 Nb8 (37... Ne5 38. Qxa6 Qxb4 $14)
38. b5 axb5 39. Qxb5 $16) 35... Rxd1 36. Bxd1 Qd6 {[%mdl 4096]} 37. Be2 cxb4
38. cxb4 Ne5 (38... Nb8 39. b5 axb5 40. Qxb5 Qd5+ 41. Qxd5 exd5 $14) 39. Qxa6
Qxb4 {[%csl Ga5] In diesem Endspiel ist der a5-Freibauer sehr stark, aber
Schwarz kann auch am Koenigsfluegel sein Gegenspiel organisieren.} 40. Qb5 Qe4+
$6 (40... Qxb5 41. Bxb5 Kd6 $14) 41. Kg1 $16 Nc6 (41... Nf3+ $2 42. Bxf3 Qxf3
43. a6 $18) 42. a6 Nd4 43. Qb7+ $2 (43. Qc5+ $1 Kd7 (43... Kf7 44. Bh5+ $18)
44. Bb5+ Nxb5 45. Qxb5+ Kc7 46. a7 $18) 43... Qxb7 44. axb7 $14 Nc6 45. Bf3 Nb8
{Die schwarze Stellung ist passiv, aber wegen des reduzierten Materials hat er
ausgezeichnete Remischancen.} 46. Kf1 Kd6 47. Bg2 Nd7 (47... e5 $14) 48. Ke2 e5
49. Kd3 Kc7 50. Kc4 {[%csl Gc4][%cal Gc4d5]} Nf6 {Schwarz verteidigt sich
gegen das Eindringen des weissen Koenigs.} (50... e4 $2 51. Kd5 $16 {[%csl Gd5]
}) 51. Kc5 g4 (51... e4 52. Kd4 $16) 52. h4 (52. hxg4 Nxg4 $11) 52... f4 $11 {
[%cal Rf4f3]} 53. gxf4 exf4 54. Bc6 g3 55. fxg3 fxg3 56. Kd4 Ng4 {Jetzt darf
der weisse Koenig nicht weiter zum Koenigsfluegel weitergehen - nach 57.Ke4??
kommt 57...g2 mit Gewinn.} 57. Bf3 h5 58. Bg2 Kb8 59. Bf3 Kc7 60. Ke4 Kxb7
1/2-1/2

[Event "EU-Cup 18th"]
[Site "Kallithea"]
[Date "2002.09.23"]
[Round "2.4"]
[White "Asmundsson, Ingvar"]
[Black "Mastrovasilis, Dimitrios"]
[Result "0-1"]
[WhiteElo "2338"]
[BlackElo "2462"]
[Annotator "Ribli,Z"]
[PlyCount "82"]
[EventDate "2002.09.22"]
[EventType "team-swiss"]
[EventRounds "7"]
[EventCountry "GRE"]
[SourceTitle "CBM 092"]
[Source "ChessBase"]
[SourceDate "2003.02.06"]
[SourceVersion "1"]
[SourceVersionDate "2003.02.06"]
[SourceQuality "1"]
[WhiteTeam "Reykjavik Hellir"]
[BlackTeam "Northern CA of DEI"]
[WhiteTeamCountry "ISL"]
[BlackTeamCountry "GRE"]

1. e4 c5 2. Nf3 e6 3. d4 cxd4 4. Nxd4 Nc6 5. Nc3 Qc7 6. Be2 a6 7. Be3 b5 {
Dieser Zug wird selten gespielt - gewoehnlich spielt man die Hauptvariante mit
7...Nf6.} 8. Nxc6 (8. f4 Bb7 9. Nxc6 Bxc6 (9... Qxc6 10. a3 Rc8 11. Qd4 {
Diese Variante waere nur Zugumstellung zur Partiefortsetzung.}) 10. Bf3 Be7)
8... Qxc6 9. a3 {Auf diese Weise verhindert Weiss die Moeglichkeit b5-b4.} (9.
Bf3 {[%cal Gf3a8]} Bb7 10. e5 Qc7 11. O-O Rd8 12. Bxb7 Qxb7 13. Bg5 Be7 14.
Bxe7 Nxe7 15. Qd3 Qb8 $11) 9... Bb7 10. Qd4 (10. f4 Bc5 11. Qd3 Ne7 12. Bf3
Bxe3 13. Qxe3 Qc7 14. O-O O-O 15. Rad1 Rad8 16. Rf2 Nc8 17. Rfd2 Nb6 18. b3 f5
{1/2-1/2 Luther,T-Baumegger,S/Fuerstenfeld AUT 2001/(34)}) (10. O-O) 10... Rc8
{Wie gewoehnlich in der Taimanov-Paulsen Variante entwickelt Schwarz zuerst
den Damenfluegel und nur spaeter - in Abhaengigkeit vom weissen Aufbau - den
Koenigsfluegel.} (10... Qd6 11. O-O Qxd4 12. Bxd4 Rc8 13. Rfd1 Ne7 14. f4 Nc6
15. Bb6 f6 16. Kf1 Nb8 17. Bf2 Bc5 18. Bxc5 Rxc5 {1/2-1/2 Mitkov,N-Fominyh,A/
Cappelle la Grande 1994/EXT 99 (18)}) 11. f4 Be7 (11... Qc7 12. O-O h5 13. Kh1
Nf6 14. Rad1 Bc5 15. Qd3 Bxe3 16. Qxe3 Qc5 17. Qd3 Rc7 18. Qg3 Nxe4 19. Nxe4
Bxe4 20. Qxg7 Rh7 21. Qg8+ Qf8 22. Qxf8+ Kxf8 23. c3 Ke7 24. Rd4 f5 $13 {
1-0 Paehtz,E-Cramling,P/Germany 2001/CBM 82 ext (109)}) 12. O-O-O (12. Qxg7 $2
Bf6 13. Qg3 Bxc3+ 14. bxc3 Qxc3+ 15. Kf2 Nf6 $19) 12... Nf6 $11 {Schwarz hat
eine bequeme Stellung. Ich muss bemerken, dass in der Variante 6.f4 a6 7.Be2
Nxd4 8.Qxd4 b5 9.0-0-0 Rc8 10.Rd2 Nf6 11.Bf3 Be7 Schwarz auch keine Probleme
hat. Jetzt stellt sich der Zug 9.a3 als nachteilig fuer Weiss heraus, weil er
immer mit dem Motiv Bxa3 rechnen muss.} 13. Bf3 (13. e5 Nd5 (13... Ne4 $6 14.
Bf3 Bc5 15. Qd3 (15. Qxc5 Qxc5 16. Bxc5 Nxc5 17. Bxb7 Nxb7) 15... Bxe3+ 16.
Qxe3 Qc5 17. Qxc5 Nxc5 18. Bxb7 Nxb7 19. Ne4 $14) 14. Bf3 Bxa3 15. Bxd5 (15.
bxa3 Qxc3 $17) 15... exd5 (15... Qxc3 $2 16. Qxc3 Rxc3 17. Bxb7 Rxe3 18. bxa3
$18) 16. bxa3 (16. Rd3 Be7 $15 {[%csl Gb7,Ge7][%cal Gb5b4]}) 16... Qxc3 17.
Qxc3 Rxc3 18. Rd3 Rc4 $15 (18... Rxd3 19. cxd3 $11)) 13... Bxa3 $1 {[%mdl 64]
Mit diesem Zug gewinnt Schwarz einen Bauern.} 14. Rd3 (14. e5 Nd5 15. Bxd5 exd5
$15 {Dieser Variante - mit Zugumstellung - haben wir schon unter 13.e5 Nd5 14.
Bf3 gesehen.}) 14... b4 {Das ist die konsequente Fortsetzung.} (14... Be7 15.
e5 Nd5 16. Rd2 $14 {[%csl Rd5] Im folgenden gewinnt Weiss den Bauern mit
besserer Stellung zurueck, weil er fuehlbaren Druck auf der d-Linie ausübt.})
15. e5 (15. bxa3 bxc3 16. e5 Nd5 (16... Qb5 $2 17. exf6 $18 (17. Bxb7 $18)) 17.
Bxd5 Qxd5 18. Qxd5 (18. Rxc3 Rxc3 19. Qxc3 O-O $17 {[%csl Gb7,Gd5][%cal Gf8c8,
Gb7h1]}) 18... Bxd5 19. Bd4 $15 {[%csl Rc3]}) 15... Nd5 16. Bxd5 (16. bxa3 bxc3
17. Bxd5 Qxd5 {In diesem Fall wir sind in der Variante 15.bxa3.}) 16... Bxb2+ (
16... exd5 17. bxa3 bxc3 18. f5 $44 {Schwarz hat einen Bauern mehr, aber sein
Laufer ist eingeschlossen.}) 17. Kxb2 bxc3+ 18. Rxc3 Qxc3+ 19. Qxc3 Rxc3 20.
Kxc3 Bxd5 $15 {[%mdl 4096] Nach grossen Komplikationen und Vereinfachungen wir
haben ein Endspiel, wo Schwarz einfach einen Bauern mehr hat, so dass er
besser steht, aber die wirkliche Frage ist, ob er kann seinen Vorteil
verwerten kann.} 21. Bc5 {[%cal Gc5f8]} (21. Ra1 Bxg2 22. Rxa6 $15 (22. Rg1 Be4
23. Rxg7 Bg6 24. Bc5 d5 $5 (24... Kd8 25. Bd6 Kc8 $15 {[%cal Gc8b7,Gb7c6]}) 25.
exd6 Kd7 $15 {[%cal Gh8b8,Gb8b1]})) 21... f6 {[%cal Ge8f7,Gf7g6,Gg6f5] Schwarz
macht Platz fuer den Koenig und endlich kann der h8R auch ins Spiel kommen.}
22. Ra1 Kf7 23. Rxa6 Rc8 24. Kd4 Bxg2 {Schwarz hat einen gesunden Mehrbauern,
aber er hat Probleme mit der technischen Verwertung, weil Weiss eine gute
Blockadestellung auf den dunkelfarbige Punkten besitzt.} 25. Ra7 Bc6 26. Bd6 {
[%csl Ga7,Gd6] Weiss kontrolliert die offene a-Linie und das b8-Feld ist auch
nicht erreichbar fuer den schwarzen Turm wegen des Bd6.} Kg6 27. c4 f5 {
[%cal Gg6h5,Gh5g4]} (27... Kf5 28. Ke3 g5 29. fxg5 fxe5 30. Ra5 $15) 28. Ra3 {
[%cal Ga3h3]} h6 29. Rg3+ Kf7 30. h4 $1 {Sehr wichtig - Weiss muss den Zug
g7-g5 verhindern.} (30. Ra3 g5 $17) 30... Ra8 31. Rb3 (31. Ra3 $5 Rxa3 32. Bxa3
Kg6 33. Bf8 $11 {Im Falle von 33...Kh5 Weiss kann auf g7 nehmen 34.Bxg7 und
nach 34...Kxh4 35.Bxh6 ist totremis.}) 31... Be4 (31... Ra1 $15) 32. Rg3 (32.
Ra3 $5) 32... Bc6 33. Rb3 Kg6 34. Rg3+ Kh5 35. Be7 (35. Rxg7 Kxh4 36. Ke3 $15 {
Es ist schwer vorstellbar, wie Schwarz dieses Endspiel gewinnen kann.}) 35...
g6 36. Ra3 $2 Kg4 $2 {Ich verstehe das nicht: So viele schlechte Zuege
hintereinander. Vielleicht eine fehlerhafte Partienotation oder starke
beiderseitige Zeitnot?} (36... Rxa3 37. Bxa3 Kxh4 $19) 37. Ke3 $2 (37. Rxa8
Bxa8 38. Ke3 $11) 37... Rb8 {[%cal Gb8b1] Das Eindringen des Turms auf der
b-Linie entscheidet die Partie.} (37... Rxa3+ 38. Bxa3 Kxh4 $19) 38. Bd6 Rb1
$19 {[%csl Gb1,Gc6,Gg4] Die Anwesenheit der ungleichfarbigen Läufer hilft
Weiss auch nicht - im Gegenteil: alle schwarze Figuren sind sehr aktiv.} 39.
Bf8 Rf1 {[%cal Rf1f3,Rf3a3]} 40. Ra2 Rf3+ 41. Ke2 Kh5 {[%csl Rc4,Rf4,Rh4]
Weiss verliert den f4-Bauern und alle seine Bauern sind schwach. So gab er in
hoffnungsloser Stellung auf.} 0-1